<?xml version="1.0" encoding="UTF-8"?>
<record
    xmlns:xsi="http://www.w3.org/2001/XMLSchema-instance"
    xsi:schemaLocation="http://www.loc.gov/MARC21/slim http://www.loc.gov/standards/marcxml/schema/MARC21slim.xsd"
    xmlns="http://www.loc.gov/MARC21/slim">

  <leader>01793nam a2200289 a 4500</leader>
  <controlfield tag="001">52364</controlfield>
  <controlfield tag="003">BD-RjUL</controlfield>
  <controlfield tag="005">20220724180257.0</controlfield>
  <controlfield tag="008">160919s2002    bg ||||| |||| 00| 0 ben d</controlfield>
  <datafield tag="035" ind1=" " ind2=" ">
    <subfield code="a">(BD-RjUL)52484</subfield>
  </datafield>
  <datafield tag="040" ind1=" " ind2=" ">
    <subfield code="a">BD-RjUL</subfield>
    <subfield code="b">ben</subfield>
    <subfield code="c">BD-RjUL</subfield>
  </datafield>
  <datafield tag="041" ind1=" " ind2=" ">
    <subfield code="a">ben</subfield>
  </datafield>
  <datafield tag="082" ind1=" " ind2=" ">
    <subfield code="2">23</subfield>
    <subfield code="a">491.5539144 </subfield>
    <subfield code="b">DEB 2002</subfield>
  </datafield>
  <datafield tag="100" ind1="1" ind2=" ">
    <subfield code="a">&#x9A6;&#x9C7;&#x993;&#x9AF;&#x9BC;&#x9BE;&#x9A8;, &#x9AE;&#x9CB;&#x9B9;&#x9BE;&#x9AE;&#x9CD;&#x9AE;&#x9A6; &#x9B0;&#x9C1;&#x9B8;&#x9CD;&#x9A4;&#x9AE; &#x986;&#x9B2;&#x9C0;</subfield>
    <subfield code="9">156678</subfield>
  </datafield>
  <datafield tag="245" ind1="1" ind2="0">
    <subfield code="a">&#x9AC;&#x9BE;&#x982;&#x9B2;&#x9BE; &#x9AD;&#x9BE;&#x9B7;&#x9BE;&#x9AF;&#x9BC; &#x9AB;&#x9BE;&#x9B0;&#x9CD;&#x9B8;&#x9C0;&#x9B0; &#x9AA;&#x9CD;&#x9B0;&#x9AD;&#x9BE;&#x9AC; =Influence of Persian language on Bengali /</subfield>
    <subfield code="c">&#x9AE;&#x9CB;&#x9B9;&#x9BE;&#x9AE;&#x9CD;&#x9AE;&#x9A6; &#x9B0;&#x9C1;&#x9B8;&#x9CD;&#x9A4;&#x9AE; &#x986;&#x9B2;&#x9C0; &#x9A6;&#x9C7;&#x993;&#x9AF;&#x9BC;&#x9BE;&#x9A8; ; &#x9B8;&#x9AE;&#x9CD;&#x9AA;&#x9BE;&#x9A6;&#x9A8;&#x9BE;: &#x9AE;&#x9C1;&#x9B9;&#x9BE;&#x9AE;&#x9CD;&#x9AE;&#x9A6; &#x988;&#x9B8;&#x9BE; &#x9B6;&#x9BE;&#x9B9;&#x9C7;&#x9A6;&#x9C0;, &#x9B9;&#x9BE;&#x9AE;&#x9BF;&#x9A6; &#x9B0;&#x9C7;&#x99C;&#x9BE; &#x9B8;&#x9BE;&#x9B2;&#x9C7;&#x995;, &#x98F;&#x9AC;&#x982; &#x9AE;&#x9BF;&#x9AF;&#x9BC;&#x9BE;&#x981; &#x9AE;&#x9CB;&#x9B9;&#x9BE;&#x9AE;&#x9CD;&#x9AE;&#x9BE;&#x9A6; &#x986;&#x9AC;&#x9CD;&#x9A6;&#x9C1;&#x9B2; &#x986;&#x989;&#x9AF;&#x9BC;&#x9BE;&#x9B2;</subfield>
  </datafield>
  <datafield tag="260" ind1=" " ind2=" ">
    <subfield code="a">&#x9A2;&#x9BE;&#x995;&#x9BE; :</subfield>
    <subfield code="b">&#x987;&#x9B8;&#x9B2;&#x9BE;&#x9AE;&#x9C0; &#x9AA;&#x9CD;&#x9B0;&#x99C;&#x9BE;&#x9A4;&#x9A8;&#x9CD;&#x9A4;&#x9CD;&#x9B0; &#x987;&#x9B0;&#x9BE;&#x9A8; &#x9A6;&#x9C2;&#x9A4;&#x9BE;&#x9AC;&#x9BE;&#x9B8;, </subfield>
    <subfield code="c">&#x9E8;&#x9E6;&#x9E6;&#x9E8;</subfield>
  </datafield>
  <datafield tag="300" ind1=" " ind2=" ">
    <subfield code="a">xviii, &#x9E9;&#x9E9;&#x9E9; &#x9AA;&#x9C3;. :</subfield>
    <subfield code="c">&#x9E8;&#x9E7; &#x9B8;&#x9C7;&#x9AE;&#x9BF;.</subfield>
  </datafield>
  <datafield tag="600" ind1=" " ind2=" ">
    <subfield code="q">     </subfield>
    <subfield code="t">      </subfield>
  </datafield>
  <datafield tag="650" ind1=" " ind2=" ">
    <subfield code="a">&#x9AB;&#x9BE;&#x9B0;&#x9CD;&#x9B8;&#x9C0; &#x9AD;&#x9BE;&#x9B7;&#x9BE;</subfield>
    <subfield code="v">&#x9AC;&#x9BE;&#x982;&#x9B2;&#x9BE;&#x9B0; &#x989;&#x9AA;&#x9B0; &#x9AA;&#x9CD;&#x9B0;&#x9AD;&#x9BE;&#x9AC;</subfield>
    <subfield code="9">156705</subfield>
  </datafield>
  <datafield tag="650" ind1=" " ind2=" ">
    <subfield code="a">Persian language </subfield>
    <subfield code="v">Influence on Bengali</subfield>
    <subfield code="9">156706</subfield>
  </datafield>
  <datafield tag="650" ind1=" " ind2=" ">
    <subfield code="a">&#x9AC;&#x9BE;&#x982;&#x9B2;&#x9BE; &#x9AD;&#x9BE;&#x9B7;&#x9BE; </subfield>
    <subfield code="x">&#x9AC;&#x9BF;&#x9A6;&#x9C7;&#x9B6;&#x9C0; &#x989;&#x9AA;&#x9BE;&#x9A6;&#x9BE;&#x9A8; </subfield>
    <subfield code="x">&#x9AB;&#x9BE;&#x9B0;&#x9B8;&#x9BF;&#x964;</subfield>
    <subfield code="9">4107</subfield>
  </datafield>
  <datafield tag="650" ind1=" " ind2=" ">
    <subfield code="a">Bengali language </subfield>
    <subfield code="x">Foreign elements </subfield>
    <subfield code="x">Persian.</subfield>
    <subfield code="9">4108</subfield>
  </datafield>
  <datafield tag="700" ind1=" " ind2=" ">
    <subfield code="a">&#x9B6;&#x9BE;&#x9B9;&#x9C7;&#x9A6;&#x9C0;, &#x9AE;&#x9C1;&#x9B9;&#x9BE;&#x9AE;&#x9CD;&#x9AE;&#x9A6; &#x988;&#x9B8;&#x9BE;, &#x9B8;&#x9AE;&#x9CD;&#x9AA;&#x9BE;. </subfield>
    <subfield code="9">4094</subfield>
  </datafield>
  <datafield tag="700" ind1=" " ind2=" ">
    <subfield code="a">&#x9B8;&#x9BE;&#x9B2;&#x9C7;&#x995;, &#x9B9;&#x9BE;&#x9AE;&#x9BF;&#x9A6; &#x9B0;&#x9C7;&#x99C;&#x9BE;, &#x9AF;&#x9C1;&#x997;&#x9CD;&#x9AE; &#x9B8;&#x9AE;&#x9CD;&#x9AA;&#x9BE;. </subfield>
    <subfield code="9">4095</subfield>
  </datafield>
  <datafield tag="700" ind1=" " ind2=" ">
    <subfield code="a">&#x986;&#x989;&#x9AF;&#x9BC;&#x9BE;&#x9B2;, &#x9AE;&#x9BF;&#x9AF;&#x9BC;&#x9BE;&#x981; &#x9AE;&#x9CB;&#x9B9;&#x9BE;&#x9AE;&#x9CD;&#x9AE;&#x9BE;&#x9A6; &#x986;&#x9AC;&#x9CD;&#x9A6;&#x9C1;&#x9B2;, &#x9AF;&#x9C1;&#x997;&#x9CD;&#x9AE; &#x9B8;&#x9AE;&#x9CD;&#x9AA;&#x9BE;. </subfield>
    <subfield code="9">4096</subfield>
  </datafield>
  <datafield tag="942" ind1=" " ind2=" ">
    <subfield code="2">ddc</subfield>
    <subfield code="c">REF</subfield>
  </datafield>
  <datafield tag="999" ind1=" " ind2=" ">
    <subfield code="c">52364</subfield>
    <subfield code="d">52364</subfield>
  </datafield>
  <datafield tag="952" ind1=" " ind2=" ">
    <subfield code="0">0</subfield>
    <subfield code="1">0</subfield>
    <subfield code="2">ddc</subfield>
    <subfield code="4">0</subfield>
    <subfield code="7">1</subfield>
    <subfield code="8">REF</subfield>
    <subfield code="a">RUCL</subfield>
    <subfield code="b">RUCL</subfield>
    <subfield code="c">REF</subfield>
    <subfield code="d">2012-01-12</subfield>
    <subfield code="e">Islami projatontro Iran dutabas, Dhaka</subfield>
    <subfield code="o">BR 491.5539144 DEB 2002</subfield>
    <subfield code="r">2016-09-19 00:00:00</subfield>
    <subfield code="t">C-2</subfield>
    <subfield code="y">REF</subfield>
  </datafield>
  <datafield tag="952" ind1=" " ind2=" ">
    <subfield code="0">0</subfield>
    <subfield code="1">0</subfield>
    <subfield code="2">ddc</subfield>
    <subfield code="4">0</subfield>
    <subfield code="7">1</subfield>
    <subfield code="8">REF</subfield>
    <subfield code="a">RUCL</subfield>
    <subfield code="b">RUCL</subfield>
    <subfield code="c">REF</subfield>
    <subfield code="d">2012-01-12</subfield>
    <subfield code="e">Dhaka, Islami Prajatantra iran Dutabas</subfield>
    <subfield code="o">BR 491.5539144  DEB 2002</subfield>
    <subfield code="r">2022-07-24 00:00:00</subfield>
    <subfield code="t">C-1</subfield>
    <subfield code="y">REF</subfield>
  </datafield>
</record>
